00585nam a2200157Ia 4500008004100000041000800041082001300049100001600062245009100078260001900169365001600188700001600204906003200220999001900252952015600271230718s9999 xx 000 0 und d aeng a658bCAN aCanfield J. aChicken Soup For The Indian Soulb101 Stories To Open The Heart And Rekindle The Sprit bWestland Books cRs.b275.00 aCanfield J. dB:520323-Jul-2008cMGMTb55 c319413d319413 00104070aCCEPbCCEPd2008-10-08eTbsfMGMTg220.00i5203l4o658pCCEP-BK-30620r2025-02-13 00:00:00s2025-02-03t55v275.00w2008-07-23yBKz030620